| 000 | 00444nam a2200109Ia 4500 | ||
|---|---|---|---|
| 008 | 160909s9999 xx 000 0 und d | ||
| 100 | _aMcCoy, Ashley D. | ||
| 245 | 3 | _aAn Exploration of the Lived Experiences of the Caregiving Role and Life Satisfaction in Caregivers Following Traumatic Spinal Cord Injury | |
| 260 |
_bUniversity of Nevada, Reno. _c2016 |
||
| 650 | _aNursing | ||
| 856 | _uhttp://pqdtopen.proquest.com/doc/1808433202.html?FMT=ABS | ||
| 999 |
_c303911 _d303911 |
||